[Event "Germain Laplante U1900"]
[Site "Chambly CAN"]
[Date "2025.05.18"]
[Round "5.23"]
[White "Duplessis-Masson, Vincent"]
[Black "Messier, David"]
[Result "1-0"]
[WhiteElo "1836"]
[BlackElo "1782"]
[WhiteFideId "-1"]
[WhiteFideId "-1"]
[PlyCount "149"]
[GameId "2190542077914678"]
[EventDate "2025.05.16"]
[EventType "swiss"]
[EventRounds "5"]
[EventCountry "CAN"]

1. c4 e5 2. g3 Nf6 3. Bg2 d5 4. cxd5 Nxd5 5. Nc3 Nb6 6. Nf3 Nc6 7. b3 Be7 8. Bb2 Bf5 9. O-O Qd7 10. Rc1 O-O-O 11. Nb5 f6 12. Rxc6 bxc6 13. Nxa7+ Kb7 14. Nxc6 e4 15. Nxd8+ Rxd8 16. Nh4 g6 17. d3 Kb8 18. Nxf5 gxf5 19. Qc2 exd3 20. exd3 Qxd3 21. Qc6 Qa6 22. a4 Rd6 23. Qe8+ Nc8 24. Rc1 Qe2 25. Qb5+ Qxb5 26. axb5 Rd3 27. Ra1 Nb6 28. Re1 Bd8 29. Re8 Ka7 30. Re3 Rd1+ 31. Bf1 Nd5 32. Rd3 Rxd3 33. Bxd3 Kb6 34. Bd4+ Ka5 35. Bxf5 h6 36. Bd3 Kb4 37. Bc4 Nc3 38. Bxc3+ Kxc3 39. Kg2 Kd2 40. Kf3 Ke1 41. Ke3 Be7 42. f4 Bc5+ 43. Ke4 Kf2 44. g4 Kg2 45. h4 Kg3 46. g5 fxg5 47. hxg5 hxg5 48. fxg5 Kg4 49. g6 Bf8 50. Bf7 Kg5 51. Ke5 Bg7+ 52. Kd5 Kh6 53. Kc6 Be5 54. b6 cxb6 55. Kxb6 Kg7 56. Kc5 Kf8 57. b4 Ke7 58. Kc6 Kd8 59. Kb7 Kd7 60. b5 Kd8 61. b6 Bd4 62. Ka7 Kd7 63. Ka6 Kc8 64. b7+ Kb8 65. Bd5 Be5 66. Kb6 Bf6 67. Kc6 Bg7 68. Kd7 Be5 69. Ke6 Bg7 70. Kf7 Be5 71. g7 Bxg7 72. Kxg7 Kc7 73. Kf7 Kd7 74. Kf6 Kc7 75. Ke7 1-0

[Event "Germain Laplante U1900"]
[Site "Chambly CAN"]
[Date "2025.05.18"]
[Round "5.24"]
[White "Gonzalez, Daniel"]
[Black "Yavorskyi, Yevhen"]
[Result "0-1"]
[WhiteElo "1792"]
[BlackElo "1385"]
[WhiteFideId "-1"]
[WhiteFideId "-1"]
[PlyCount "85"]
[GameId "2190542077914679"]
[EventDate "2025.05.16"]
[EventType "swiss"]
[EventRounds "5"]
[EventCountry "CAN"]

1. c4 e6 2. Nf3 Nf6 3. g3 Nc6 4. Bg2 Bc5 5. d3 O-O 6. Bd2 d5 7. cxd5 Nxd5 8. Nc3 Nce7 9. a3 b6 10. b4 Bd6 11. Ne4 Bb7 12. Nxd6 cxd6 13. O-O Rc8 14. Qb3 Qd7 15. e4 Nf6 16. Bg5 Ne8 17. Rac1 Nc7 18. a4 h6 19. Be3 b5 20. a5 a6 21. Rc3 e5 22. Rfc1 Ne6 23. Nh4 Rc6 24. f4 Rxc3 25. Rxc3 d5 26. Rc1 dxe4 27. dxe4 Nd4 28. Qd1 Rd8 29. f5 Nec6 30. f6 Qe6 31. Qh5 Qxf6 32. Rf1 Qe6 33. Bxh6 Qxh6 34. Qxf7+ Kh7 35. Qxb7 Nxb4 36. Qf7 Nd3 37. Nf5 Nxf5 38. Rxf5 Qe3+ 39. Kh1 Nf4 40. Bf1 Qf3+ 41. Kg1 Nh3+ 42. Bxh3 Rd1+ 43. Bf1 0-1

[Event "Germain Laplante U1900"]
[Site "Chambly CAN"]
[Date "2025.05.18"]
[Round "5.25"]
[White "Weston, Paul"]
[Black "Hammoud, Khaled"]
[Result "0-1"]
[WhiteElo "1867"]
[BlackElo "1676"]
[WhiteFideId "-1"]
[WhiteFideId "-1"]
[PlyCount "96"]
[GameId "2190542077914680"]
[EventDate "2025.05.16"]
[EventType "swiss"]
[EventRounds "5"]
[EventCountry "CAN"]

1. g3 e6 2. c4 c6 3. Bg2 d5 4. cxd5 cxd5 5. d3 Nc6 6. Nf3 Nf6 7. O-O Be7 8. Nc3 O-O 9. e4 h6 10. Re1 d4 11. Ne2 b6 12. Rf1 a5 13. a3 Nd7 14. g4 Bg5 15. Ne1 Bxc1 16. Rxc1 Nc5 17. Ng3 Ne7 18. f4 Ng6 19. Kh1 e5 20. fxe5 Nxe5 21. Bf3 a4 22. Be2 g6 23. h3 Qg5 24. Kg2 Ba6 25. Nf3 Nxf3 26. Rxf3 Rac8 27. Qf1 Rc7 28. Rf6 Qe3 29. Rxb6 Nxe4 30. Qf3 Qxf3+ 31. Bxf3 Rxc1 32. Rxa6 Nxg3 33. Kxg3 Rg1+ 34. Kf2 Rb1 35. Rxa4 Rxb2+ 36. Kg3 Rd8 37. Ra5 Rb3 38. Be4 Rc3 39. h4 Rd7 40. h5 g5 41. Ra8+ Kg7 42. a4 Rcc7 43. Bf5 Re7 44. Rd8 Re3+ 45. Kf2 Rc2+ 46. Kf1 Ree2 47. Rxd4 Rh2 48. Kg1 Rhd2 0-1

[Event "Germain Laplante U1900"]
[Site "Chambly CAN"]
[Date "2025.05.18"]
[Round "5.26"]
[White "Allaire, Denis"]
[Black "Riopel, Alec"]
[Result "1-0"]
[WhiteElo "1815"]
[BlackElo "1479"]
[WhiteFideId "-1"]
[WhiteFideId "-1"]
[PlyCount "45"]
[GameId "2190542077914681"]
[EventDate "2025.05.16"]
[EventType "swiss"]
[EventRounds "5"]
[EventCountry "CAN"]

1. e4 e6 2. Nf3 d5 3. e5 c5 4. b4 cxb4 5. d4 Ne7 6. a3 Nf5 7. axb4 Bxb4+ 8. c3 Be7 9. Bd3 Nd7 10. O-O Nb6 11. Na3 O-O 12. h3 Bd7 13. Qe2 Na4 14. c4 dxc4 15. Nxc4 Nb6 16. g4 Nxc4 17. gxf5 Nb6 18. f6 gxf6 19. exf6 Bxf6 20. Qe4 Re8 21. Bh6 Bg7 22. Qxh7+ Kf8 23. Qxg7+ 1-0

[Event "Germain Laplante op"]
[Site "Chambly CAN"]
[Date "2025.05.16"]
[Round "1.1"]
[White "Rodrigue-Lemieux, Shawn"]
[Black "Hebrard, Emmanuel"]
[Result "1-0"]
[WhiteElo "2575"]
[BlackElo "1994"]
[WhiteFideId "-1"]
[WhiteFideId "-1"]
[PlyCount "67"]
[GameId "2179374896004246"]
[EventDate "2025.05.16"]
[EventType "swiss"]
[EventRounds "5"]
[EventCountry "CAN"]

1. c4 Nf6 2. g3 g6 3. Bg2 Bg7 4. Nc3 c6 5. e4 d6 6. Nge2 O-O 7. O-O Nbd7 8. d3 e5 9. h3 Ne8 10. Be3 Nc7 11. d4 Qe7 12. d5 c5 13. f4 f5 14. Qd2 Ne8 15. Rae1 Nef6 16. exf5 gxf5 17. fxe5 Nxe5 18. b3 Nh5 19. Bg5 Qd7 20. Kh2 h6 21. Bxh6 Rf6 22. Bxg7 Qxg7 23. Bf3 Qg5 24. Bxh5 Qxh5 25. Nf4 Qh6 26. Nb5 Bd7 27. Nxd6 Ng4+ 28. Kg2 Rxd6 29. hxg4 fxg4 30. Re5 Rf8 31. Rh1 Qg7 32. Rhh5 Kf7 33. Qe3 Qf6 34. Qe4 1-0

[Event "Germain Laplante op"]
[Site "Chambly CAN"]
[Date "2025.05.16"]
[Round "1.2"]
[White "Beaupre, Eugene jr"]
[Black "Migot, Tangi"]
[Result "0-1"]
[WhiteElo "1984"]
[BlackElo "2425"]
[WhiteFideId "-1"]
[WhiteFideId "-1"]
[PlyCount "54"]
[GameId "2179296708752177"]
[EventDate "2025.05.16"]
[EventType "swiss"]
[EventRounds "5"]
[EventCountry "CAN"]

1. d4 Nf6 2. c4 d6 3. Nc3 Nbd7 4. e4 e5 5. d5 Nc5 6. Qc2 a5 7. Be2 g6 8. Bg5 Bg7 9. Nf3 h6 10. Bh4 O-O 11. Nd2 Bd7 12. Nb3 Na4 13. f3 b6 14. Nc1 Nxc3 15. Qxc3 Nxe4 16. Bxd8 Nxc3 17. Bxc7 Nxe2 18. Nxe2 Rfc8 19. Bxd6 Rxc4 20. Kd2 h5 21. b3 Rcc8 22. Rac1 Bh6+ 23. f4 Bg4 24. Rxc8+ Rxc8 25. Bxe5 Re8 26. Kd3 Bxe2+ 27. Kd4 Bf8 0-1

[Event "Germain Laplante op"]
[Site "Chambly CAN"]
[Date "2025.05.16"]
[Round "1.3"]
[White "Chiku-Ratte, Olivier-Kenta"]
[Black "Turcotte, Jonathan"]
[Result "1/2-1/2"]
[WhiteElo "2403"]
[BlackElo "1955"]
[WhiteFideId "-1"]
[WhiteFideId "-1"]
[PlyCount "162"]
[GameId "2179330532229948"]
[EventDate "2025.05.16"]
[EventType "swiss"]
[EventRounds "5"]
[EventCountry "CAN"]

1. d4 d5 2. c4 c6 3. cxd5 cxd5 4. Nc3 Nf6 5. Nf3 Nc6 6. Bf4 Bf5 7. Qb3 Na5 8. Qa4+ Bd7 9. Qc2 e6 10. e3 Bb4 11. Bd3 Rc8 12. O-O Nc4 13. Rac1 O-O 14. Ne5 h6 15. Qe2 Nd6 16. Nb1 Qe7 17. Rc2 Rxc2 18. Qxc2 Ba5 19. Qc5 Bb6 20. Ng6 fxg6 21. Qxd6 Qxd6 22. Bxd6 Rc8 23. Bxg6 Bb5 24. Rd1 Be2 25. Re1 Ne4 26. Bxe4 dxe4 27. Nc3 Bd3 28. Bb4 Rc4 29. a3 a5 30. Bd6 Rc6 31. Be5 Bd8 32. Rc1 b5 33. Na2 Rxc1+ 34. Nxc1 Bc2 35. Kf1 b4 36. axb4 axb4 37. Bd6 b3 38. Bb4 Bc7 39. Ke2 h5 40. h3 Kf7 41. Kd2 Bh2 42. g3 g5 43. Ke1 h4 44. gxh4 gxh4 45. Ba5 Kg6 46. Bb4 Kf5 47. Kf1 Bc7 48. Ne2 Bd3 49. Ke1 Bc4 50. Nc3 Bd8 51. Nb1 Bd3 52. Nd2 Bc2 53. f3 exf3 54. Kf2 e5 55. Nxf3 e4 56. Nd2 Bc7 57. d5 Bg3+ 58. Ke2 Ke5 59. d6 Ke6 60. Kf1 Be5 61. Ba3 Bxd6 62. Bxd6 Kxd6 63. Ke1 Kd5 64. Nf1 Bd3 65. Nd2 Bc2 66. Nf1 Bd3 67. Nh2 Ba6 68. Ng4 Bc8 69. Nf2 Bf5 70. Kd2 Kc4 71. Ke2 Kb4 72. Ke1 Kc5 73. Kd1 Kd5 74. Kd2 Kc4 75. Ke2 Kd5 76. Ng4 Ke6 77. Kf1 Bxg4 78. hxg4 Kf6 79. Kg2 Kg6 80. Kh2 Kh6 81. Kg2 Kg6 1/2-1/2

[Event "Germain Laplante op"]
[Site "Chambly CAN"]
[Date "2025.05.16"]
[Round "1.4"]
[White "Di Matteo, Alessio"]
[Black "Latorre, Vincent"]
[Result "0-1"]
[WhiteElo "1880"]
[BlackElo "2368"]
[WhiteFideId "-1"]
[WhiteFideId "-1"]
[PlyCount "54"]
[GameId "2179337590411347"]
[EventDate "2025.05.16"]
[EventType "swiss"]
[EventRounds "5"]
[EventCountry "CAN"]

1. d4 Nf6 2. c4 g6 3. h4 Bg7 4. Nc3 d6 5. e4 Nc6 6. Nge2 O-O 7. Ng3 e5 8. dxe5 Nxe5 9. h5 Re8 10. h6 Bh8 11. Bg5 Nxe4 12. Ncxe4 Qxg5 13. Be2 Qf4 14. Qd2 Qxd2+ 15. Kxd2 Be6 16. Rac1 Rad8 17. f4 Nxc4+ 18. Bxc4 d5 19. Bd3 dxe4 20. Nxe4 Bf5 21. Nf2 Bd4 22. Bxf5 Bxf2+ 23. Bd3 Be3+ 24. Kc2 Bxc1 25. Rxc1 Rd4 26. f5 Red8 27. Rd1 gxf5 0-1

[Event "Germain Laplante op"]
[Site "Chambly CAN"]
[Date "2025.05.16"]
[Round "1.5"]
[White "Tanaka, Tyler"]
[Black "Iordanescu, Victor Nicolae"]
[Result "1-0"]
[WhiteElo "2341"]
[BlackElo "1876"]
[WhiteFideId "-1"]
[WhiteFideId "-1"]
[PlyCount "99"]
[GameId "2179340010455425"]
[EventDate "2025.05.16"]
[EventType "swiss"]
[EventRounds "5"]
[EventCountry "CAN"]

1. Nf3 Nf6 2. g3 d5 3. Bg2 e6 4. O-O Be7 5. c4 O-O 6. b3 c5 7. cxd5 exd5 8. d4 Nc6 9. Nc3 h6 10. Bb2 Bf5 11. dxc5 Bxc5 12. Rc1 Bb6 13. Na4 Be4 14. Ba3 Re8 15. Nc5 Bxc5 16. Bxc5 b6 17. Ba3 Qd7 18. Bb2 Qd6 19. Qd2 Rad8 20. Rfd1 a5 21. Bf1 Bxf3 22. exf3 d4 23. Qc2 Ne5 24. Bg2 d3 25. Qd2 Qd5 26. Bxe5 Qxe5 27. Rc3 Qe2 28. Rxd3 Rxd3 29. Qxd3 Qxa2 30. Qb5 Qe2 31. Qxe2 Rxe2 32. Bf1 Re8 33. Bb5 Rb8 34. Rc1 Kf8 35. Rc7 Nd5 36. Ra7 Ne7 37. f4 Nc8 38. Rd7 Ne7 39. Kg2 f6 40. g4 Ng6 41. Kg3 Rc8 42. Bc4 Ne7 43. Rb7 Rc6 44. Rb8+ Rc8 45. Rxb6 a4 46. Be6 Rc3+ 47. f3 axb3 48. Rb8+ Nc8 49. Rxc8+ Rxc8 50. Bxc8 1-0

[Event "Germain Laplante op"]
[Site "Chambly CAN"]
[Date "2025.05.16"]
[Round "1.6"]
[White "Herilala, Manitra"]
[Black "Duong, Thanh Nha"]
[Result "0-1"]
[WhiteElo "1833"]
[BlackElo "2330"]
[WhiteFideId "-1"]
[WhiteFideId "-1"]
[PlyCount "107"]
[GameId "2179342337941897"]
[EventDate "2025.05.16"]
[EventType "swiss"]
[EventRounds "5"]
[EventCountry "CAN"]

1. Nf3 d6 2. d4 Nf6 3. g3 Nbd7 4. Bg2 e5 5. dxe5 dxe5 6. O-O Bc5 7. c4 O-O 8. Nc3 c6 9. a3 a5 10. b3 Re8 11. e4 Qc7 12. Bb2 Nf8 13. h3 Ng6 14. Qc2 h5 15. Rfe1 h4 16. g4 Qe7 17. Na4 b6 18. Nxc5 bxc5 19. a4 Nd7 20. Bc3 Ndf8 21. Rad1 Qc7 22. Qb2 f6 23. Qd2 Ne6 24. Qd6 Qb6 25. Qd2 Qxb3 26. Rb1 Qxa4 27. Ra1 Qb3 28. Reb1 Qxc4 29. Bf1 Qxe4 30. Bg2 Nef4 31. Nxh4 Nxg2 32. Nxg2 Be6 33. Re1 Qd5 34. Qe2 Qxg2+ 35. Kxg2 Nf4+ 36. Kf1 Nxe2 37. Kxe2 e4 38. Red1 Bd5 39. Ra3 Reb8 40. Rda1 Bb3 41. Rc1 Kf7 42. Bd2 c4 43. Rc3 Rd8 44. Be3 Rd5 45. Bb6 Rb8 46. Be3 Bd1+ 47. Ke1 Rb1 48. Rc1 Rxc1 49. Bxc1 Bb3 50. Be3 c3 51. Ra1 c2 52. Bc1 Rd1+ 53. Ke2 Ke6 54. g5 0-1

[Event "Germain Laplante op"]
[Site "Chambly CAN"]
[Date "2025.05.16"]
[Round "1.7"]
[White "Masse, Hugues"]
[Black "Mercure, Gilbert"]
[Result "1-0"]
[WhiteElo "2211"]
[BlackElo "1793"]
[WhiteFideId "-1"]
[WhiteFideId "-1"]
[PlyCount "81"]
[GameId "2179367482827162"]
[EventDate "2025.05.16"]
[EventType "swiss"]
[EventRounds "5"]
[EventCountry "CAN"]

1. a3 d5 2. Nf3 Bf5 3. g3 f6 4. d4 Qd7 5. Bg2 Bh3 6. Bxh3 Qxh3 7. c4 c6 8. Qb3 Qd7 9. Nc3 e6 10. e4 Ne7 11. O-O Na6 12. Qa2 dxc4 13. Qxc4 b5 14. Qe2 Nc7 15. Bf4 Ng6 16. Bxc7 Qxc7 17. d5 b4 18. axb4 Bxb4 19. Nb5 Qb6 20. dxc6 O-O 21. Qc4 Rfe8 22. Nbd4 Qc5 23. Rfc1 Qxc4 24. Rxc4 a5 25. c7 Kf7 26. Nc6 Ne7 27. Nd8+ Rexd8 28. cxd8=Q Rxd8 29. Kf1 e5 30. Ke2 g5 31. Rd1 Rb8 32. h3 h5 33. h4 gxh4 34. Nxh4 Ke6 35. Nf3 Rb6 36. Rh1 Bd6 37. Rc2 Nc6 38. Rxh5 Nb4 39. Rd2 Na2 40. Rh1 a4 41. Ra1 1-0

[Event "Germain Laplante op"]
[Site "Chambly CAN"]
[Date "2025.05.16"]
[Round "1.8"]
[White "Zhang, Yitian"]
[Black "Berube, Antoine"]
[Result "0-1"]
[WhiteElo "1781"]
[BlackElo "2155"]
[WhiteFideId "-1"]
[WhiteFideId "-1"]
[PlyCount "68"]
[GameId "2179370026877346"]
[EventDate "2025.05.16"]
[EventType "swiss"]
[EventRounds "5"]
[EventCountry "CAN"]

1. d4 d5 2. c4 c6 3. e3 Nf6 4. Nc3 e6 5. Nf3 Nbd7 6. Bd3 dxc4 7. Bxc4 b5 8. Bd3 Bd6 9. O-O O-O 10. Bd2 Bb7 11. a3 a5 12. Qc2 Rc8 13. Ng5 h6 14. Nge4 Be7 15. Nxf6+ Nxf6 16. Ne4 c5 17. Nxf6+ gxf6 18. Qd1 f5 19. e4 Bg5 20. exf5 Bxd2 21. Qxd2 Qd5 22. f3 Qxd4+ 23. Kh1 Kg7 24. f6+ Qxf6 25. Bxb5 Rfd8 26. Qf2 c4 27. Rfc1 c3 28. bxc3 Rxc3 29. Qb6 Rdc8 30. Rf1 Bd5 31. Qxa5 Rc2 32. a4 Rxg2 33. Kxg2 Rc2+ 34. Rf2 Qxf3+ 0-1

[Event "Germain Laplante op"]
[Site "Chambly CAN"]
[Date "2025.05.16"]
[Round "1.9"]
[White "Genzling, Jerome"]
[Black "Parenteau, Francois"]
[Result "1/2-1/2"]
[WhiteElo "2140"]
[BlackElo "1769"]
[WhiteFideId "-1"]
[WhiteFideId "-1"]
[PlyCount "106"]
[GameId "2179371372921258"]
[EventDate "2025.05.16"]
[EventType "swiss"]
[EventRounds "5"]
[EventCountry "CAN"]

1. e4 c5 2. Nf3 Nc6 3. Nc3 g6 4. d4 cxd4 5. Nxd4 Bg7 6. Nde2 Nf6 7. g3 O-O 8. Bg2 d6 9. h3 Rb8 10. a4 a6 11. O-O b5 12. axb5 axb5 13. Be3 Nd7 14. Qc1 b4 15. Nd5 Nc5 16. Rd1 Bd7 17. Bh6 b3 18. Bxg7 Kxg7 19. c3 Ra8 20. Nd4 Ne5 21. f4 Nc4 22. f5 Ra2 23. Rxa2 bxa2 24. b3 Nxb3 25. Nxb3 Ba4 26. Qc2 Na5 27. Ra1 Bxb3 28. Qb2 Qb8 29. f6+ exf6 30. c4 Re8 31. Qxf6+ Kg8 32. Qc3 Qa7+ 33. Kh2 Re5 34. Nf6+ Kf8 35. Ng4 Re6 36. e5 Bxc4 37. exd6 Rxd6 38. Qh8+ Ke7 39. Re1+ Re6 40. Rd1 Qc7 41. Qxh7 Be2 42. Qh4+ Ke8 43. Qh8+ Ke7 44. Rd2 Bxg4 45. hxg4 a1=Q 46. Qxa1 Re3 47. Rf2 Qxg3+ 48. Kg1 Qe5 49. Qa2 Re1+ 50. Bf1 Qg3+ 51. Rg2 Qe3+ 52. Rf2 Qg3+ 53. Rg2 Qe3+ 1/2-1/2

[Event "Germain Laplante op"]
[Site "Chambly CAN"]
[Date "2025.05.16"]
[Round "1.10"]
[White "Bain-Thouverez, Aurelien"]
[Black "Mok, Yuen Tak"]
[Result "1-0"]
[WhiteElo "1757"]
[BlackElo "2100"]
[WhiteFideId "-1"]
[WhiteFideId "-1"]
[PlyCount "91"]
[GameId "2179552952942541"]
[EventDate "2025.05.16"]
[EventType "swiss"]
[EventRounds "5"]
[EventCountry "CAN"]

1. Nf3 d5 2. g3 g6 3. d4 Bg7 4. c4 dxc4 5. Qa4+ c6 6. Qxc4 Be6 7. Qd3 c5 8. dxc5 Qxd3 9. exd3 Na6 10. Nc3 Nxc5 11. d4 Bg4 12. Ne5 Bxe5 13. dxe5 O-O-O 14. Be3 Nd7 15. f4 Bf3 16. Rg1 Kb8 17. Bg2 Bxg2 18. Rxg2 Nh6 19. Rd1 Nb6 20. Rxd8+ Rxd8 21. Bxb6 axb6 22. Rd2 Rxd2 23. Kxd2 Ng4 24. h3 Nf2 25. Ke2 Nxh3 26. Kf3 f5 27. Kg2 Nxf4+ 28. gxf4 e6 29. Nb5 Kc8 30. Nd6+ Kc7 31. Nf7 Kc6 32. Ng5 h6 33. Nxe6 Kd5 34. Nf8 g5 35. Kg3 b5 36. a3 h5 37. fxg5 Kxe5 38. Ng6+ Ke4 39. Nf4 h4+ 40. Kxh4 Kxf4 41. g6 Ke3 42. g7 f4 43. g8=Q f3 44. Qe6+ Kf2 45. Kg4 Kg2 46. Qe4 1-0

[Event "Germain Laplante op"]
[Site "Chambly CAN"]
[Date "2025.05.16"]
[Round "1.11"]
[White "Jiang, Barron Jiyu"]
[Black "Wu, Ting En Ryan"]
[Result "1-0"]
[WhiteElo "2064"]
[BlackElo "1732"]
[WhiteFideId "-1"]
[WhiteFideId "-1"]
[PlyCount "53"]
[GameId "2179555733389269"]
[EventDate "2025.05.16"]
[EventType "swiss"]
[EventRounds "5"]
[EventCountry "CAN"]

1. e4 c5 2. Nf3 Nc6 3. d4 cxd4 4. Nxd4 g6 5. Nc3 Bg7 6. Be3 Nf6 7. Bc4 O-O 8. Bb3 Qa5 9. O-O d6 10. h3 Bd7 11. Re1 Rac8 12. f4 b5 13. a3 a6 14. Nf3 Qc7 15. Qd2 Rfd8 16. Qf2 Re8 17. e5 dxe5 18. Bb6 Qb8 19. fxe5 Nh5 20. Ng5 e6 21. Qxf7+ Kh8 22. Qxd7 Qxb6+ 23. Kh1 Qf2 24. Nce4 Qf4 25. Nf7+ Kg8 26. Bxe6 Nb8 27. Nd8+ 1-0

[Event "Germain Laplante op"]
[Site "Chambly CAN"]
[Date "2025.05.16"]
[Round "1.12"]
[White "Filion, Samuel"]
[Black "St-Germain, Jack"]
[Result "0-1"]
[WhiteElo "1718"]
[BlackElo "2053"]
[WhiteFideId "-1"]
[WhiteFideId "-1"]
[PlyCount "36"]
[GameId "2179557904527325"]
[EventDate "2025.05.16"]
[EventType "swiss"]
[EventRounds "5"]
[EventCountry "CAN"]

1. Nf3 d5 2. g3 Nf6 3. Bg2 e6 4. O-O Be7 5. c4 O-O 6. d4 dxc4 7. Qc2 a6 8. a4 Bd7 9. Ne5 Bc6 10. Nxc6 Nxc6 11. Bxc6 bxc6 12. Qxc4 Qd5 13. Qd3 c5 14. Be3 cxd4 15. Qxd4 c5 16. Qc3 Qh5 17. Re1 Ng4 18. h3 Qxh3 0-1

[Event "Germain Laplante op"]
[Site "Chambly CAN"]
[Date "2025.05.16"]
[Round "1.13"]
[White "Nassif, Aba"]
[Black "Gauthier, Denis"]
[Result "1-0"]
[WhiteElo "2049"]
[BlackElo "1700"]
[WhiteFideId "-1"]
[WhiteFideId "-1"]
[PlyCount "55"]
[GameId "2179558677020645"]
[EventDate "2025.05.16"]
[EventType "swiss"]
[EventRounds "5"]
[EventCountry "CAN"]

1. d4 Nf6 2. Nc3 d5 3. Bf4 Bf5 4. e3 a6 5. f3 e6 6. g4 Bg6 7. h4 h6 8. Bd3 Bxd3 9. Qxd3 c5 10. O-O-O Nc6 11. Nh3 Bd6 12. g5 Nh5 13. dxc5 Bxc5 14. Bh2 Qe7 15. f4 O-O-O 16. Qe2 g6 17. e4 d4 18. Na4 Ba7 19. Qc4 Qb4 20. Qxb4 Nxb4 21. a3 Nc6 22. b4 f6 23. Nb2 hxg5 24. fxg5 f5 25. Nc4 f4 26. Nxf4 Nxf4 27. Bxf4 b5 28. Nd6+ 1-0

[Event "Germain Laplante op"]
[Site "Chambly CAN"]
[Date "2025.05.16"]
[Round "1.15"]
[White "Kerhuel-Lefebvre, Stephane"]
[Black "Singher, Jean-Pierre"]
[Result "0-1"]
[Annotator "hugh_"]
[WhiteElo "1665"]
[BlackElo "2021"]
[WhiteFideId "-1"]
[WhiteFideId "-1"]
[PlyCount "58"]
[GameId "2179560011276269"]
[EventDate "2025.05.16"]
[EventType "swiss"]
[EventRounds "5"]
[EventCountry "CAN"]

1. d4 d5 2. Nf3 Nf6 3. g3 g6 4. Bg2 Bg7 5. O-O O-O 6. c3 c6 7. Nbd2 Bf5 8. Qb3 Qb6 9. Ne5 Ng4 10. Nxg4 Bxg4 11. e4 Be6 12. Qxb6 axb6 13. exd5 cxd5 14. Nb3 h6 15. Bd2 Nd7 16. Nc1 Nf6 17. Re1 Rfc8 18. Nd3 Bf5 19. Ne5 Ne4 20. Bxe4 Bxe4 21. f3 Bf5 22. g4 f6 23. gxf5 fxe5 24. dxe5 gxf5 25. Kf2 e6 26. a3 Kf7 27. f4 Ra4 28. Be3 Bf8 29. Rad1 Bc5 {etc. (35)} 0-1

[Event "Germain Laplante op"]
[Site "Chambly CAN"]
[Date "2025.05.18"]
[Round "2.1"]
[White "Berube, Antoine"]
[Black "Rodrigue-Lemieux, Shawn"]
[Result "0-1"]
[WhiteElo "2155"]
[BlackElo "2575"]
[WhiteFideId "-1"]
[WhiteFideId "-1"]
[PlyCount "170"]
[GameId "2180113068316090"]
[EventDate "2025.05.16"]
[EventType "swiss"]
[EventRounds "5"]
[EventCountry "CAN"]

1. d4 d5 2. c4 e6 3. Nf3 a6 4. Bg5 Be7 5. Bxe7 Qxe7 6. Nbd2 Nf6 7. g3 b6 8. Bg2 Bb7 9. Rc1 c5 10. O-O Nbd7 11. Ne5 cxd4 12. Nxd7 Qxd7 13. Nf3 dxc4 14. Rxc4 Bd5 15. Rxd4 Qb7 16. Qa4+ b5 17. Qa5 O-O 18. Rfd1 Rac8 19. Ne1 h6 20. Bxd5 Nxd5 21. e4 Nf6 22. f3 Rc6 23. Kg2 Kh7 24. Rd8 Rxd8 25. Qxd8 Rc7 26. Qd3 Nd7 27. Qe3 Ne5 28. Qf4 f6 29. Qe3 b4 30. Qe2 b3 31. axb3 Qxb3 32. f4 Nc4 33. Rd3 Qxb2 34. Qxb2 Nxb2 35. Ra3 Rc6 36. Kf2 Kg6 37. Ke2 Rb6 38. Nd3 Nxd3 39. Kxd3 Kf7 40. Rc3 Rd6+ 41. Ke3 Rd7 42. Ra3 Rd6 43. Rc3 Ke7 44. e5 fxe5 45. fxe5 Rd5 46. Rc7+ Rd7 47. Rc5 Ra7 48. Ra5 Kd7 49. Kd4 Kc6 50. Kc3 Kb6 51. Ra2 Rc7+ 52. Kb4 Rd7 53. Rf2 a5+ 54. Ka4 Rd4+ 55. Ka3 Kc6 56. Rf7 Rd7 57. Rf2 Rd3+ 58. Ka4 Kd5 59. Kxa5 Kxe5 60. Kb4 g5 61. Kc4 Re3 62. Ra2 h5 63. Ra5+ Kf6 64. Kd4 Re2 65. h4 gxh4 66. gxh4 e5+ 67. Kd3 Rh2 68. Ra4 Kf5 69. Ke3 Rg2 70. Kf3 Rg4 71. Ra8 Rxh4 72. Rf8+ Kg6 73. Rg8+ Kf7 74. Rh8 Rf4+ 75. Ke3 Kg6 76. Rg8+ Kf5 77. Rf8+ Kg4 78. Rg8+ Kh4 79. Re8 Rf5 80. Ke4 Kg4 81. Ra8 h4 82. Ra1 Rf3 83. Ra8 Kg3 84. Rg8+ Kf2 85. Kxe5 h3 0-1

[Event "Germain Laplante op"]
[Site "Chambly CAN"]
[Date "2025.05.17"]
[Round "2.2"]
[White "Migot, Tangi"]
[Black "Jiang, Barron Jiyu"]
[Result "1-0"]
[WhiteElo "2425"]
[BlackElo "2064"]
[WhiteFideId "-1"]
[WhiteFideId "-1"]
[PlyCount "91"]
[GameId "2179583557967998"]
[EventDate "2025.05.16"]
[EventType "swiss"]
[EventRounds "5"]
[EventCountry "CAN"]

1. e4 c5 2. Nf3 d6 3. Bb5+ Nd7 4. c3 Ngf6 5. d3 e6 6. O-O Be7 7. Re1 O-O 8. d4 cxd4 9. cxd4 d5 10. e5 Ne4 11. Bd3 f5 12. exf6 Ndxf6 13. Nbd2 Nxd2 14. Bxd2 Bd7 15. Bg5 Ng4 16. Bxe7 Qxe7 17. h3 Nf6 18. Re3 Nh5 19. Ne5 Nf4 20. Bf1 Be8 21. g3 Ng6 22. Qe1 Rc8 23. Bd3 Qg5 24. Bxg6 Bxg6 25. h4 Qf5 26. Rf3 Qe4 27. Rxf8+ Rxf8 28. Qxe4 Bxe4 29. Rc1 h5 30. Rc7 b6 31. Kf1 Bb1 32. a3 b5 33. Ke2 b4 34. axb4 Rb8 35. Nc6 Rb6 36. Kd2 a6 37. Kc3 Kh7 38. Ne5 Rb8 39. Rc6 Rf8 40. f3 g5 41. hxg5 Rf5 42. g6+ Kh6 43. Rxe6 h4 44. gxh4 Rf4 45. Re7 Bxg6 46. Re6 1-0

[Event "Germain Laplante op"]
[Site "Chambly CAN"]
[Date "2025.05.17"]
[Round "2.3"]
[White "Latorre, Vincent"]
[Black "Nassif, Aba"]
[Result "1-0"]
[WhiteElo "2368"]
[BlackElo "2049"]
[WhiteFideId "-1"]
[WhiteFideId "-1"]
[PlyCount "81"]
[GameId "2179585281962207"]
[EventDate "2025.05.16"]
[EventType "swiss"]
[EventRounds "5"]
[EventCountry "CAN"]

1. e4 c5 2. Nf3 g6 3. d4 cxd4 4. Nxd4 Bg7 5. c4 Nc6 6. Be3 Nf6 7. Nc3 d6 8. Be2 O-O 9. O-O Bd7 10. Rc1 Nxd4 11. Bxd4 Bc6 12. f3 a5 13. Qd2 Nd7 14. Rfd1 Bxd4+ 15. Qxd4 a4 16. Kh1 Qa5 17. Nd5 Bxd5 18. exd5 Nc5 19. Rc3 f5 20. Bf1 Rf7 21. Re1 Qd8 22. Rce3 f4 23. R3e2 Nd7 24. b4 axb3 25. axb3 Ne5 26. c5 Ra3 27. Qb2 Qa5 28. b4 Qa4 29. Re4 Ra2 30. Qd4 g5 31. Rxe5 dxe5 32. Rxe5 h6 33. Re1 Qc2 34. d6 e5 35. d7 exd4 36. d8=Q+ Kh7 37. Qxd4 Ra3 38. Re8 Qc3 39. Bd3+ Qxd3 40. Qh8+ Kg6 41. Re6+ 1-0

[Event "Germain Laplante op"]
[Site "Chambly CAN"]
[Date "2025.05.17"]
[Round "2.4"]
[White "St-Germain, Jack"]
[Black "Tanaka, Tyler"]
[Result "0-1"]
[WhiteElo "2053"]
[BlackElo "2341"]
[WhiteFideId "-1"]
[WhiteFideId "-1"]
[PlyCount "86"]
[GameId "2179586788356327"]
[EventDate "2025.05.16"]
[EventType "swiss"]
[EventRounds "5"]
[EventCountry "CAN"]

1. Nf3 d5 2. b3 c5 3. e3 a6 4. Bb2 Nc6 5. d4 cxd4 6. exd4 Nf6 7. Be2 Bg4 8. O-O e6 9. Nbd2 Be7 10. Ne5 Bxe2 11. Qxe2 O-O 12. Nxc6 bxc6 13. Nf3 a5 14. a4 Qc7 15. Ne1 Nd7 16. Nd3 Bf6 17. Rad1 Rfc8 18. Ne5 c5 19. c4 Bxe5 20. dxe5 Nb6 21. cxd5 Nxd5 22. Qg4 Rab8 23. Rd3 Rb4 24. Qg5 h6 25. Qd2 Rcb8 26. Rg3 Rxb3 27. Bc3 Nxc3 28. Rxc3 Rxc3 29. Qxc3 c4 30. Rc1 Rb4 31. g3 Rxa4 32. Rd1 Rb4 33. Rd6 Rb3 34. Qd2 Rd3 35. Qf4 a4 36. Qe4 Rxd6 37. exd6 Qxd6 38. Qa8+ Kh7 39. Qxa4 Qd3 40. Qa6 Qb1+ 41. Kg2 c3 42. Qe2 c2 43. Qe4+ f5 0-1